Sports Quiz

Random Sports or NBA Quiz

NBA Bill Simmons Top 10 Trade Value Quiz Stats

Quiz Updated Jul 14, 2016

Challenge
Share
Tweet
Embed
Score 0/120 Timer 04:00
10 Plays Today
% Correct
LeBron James
98.3%
LeBron James
98.3%
LeBron James
98.3%
LeBron James
98.3%
LeBron James
98.3%
LeBron James
98.3%
LeBron James
97.6%
LeBron James
97.6%
LeBron James
97.6%
Kobe Bryant
96.9%
Kobe Bryant
96.9%
Kobe Bryant
96.9%
Kobe Bryant
96.9%
Kobe Bryant
96.9%
Kobe Bryant
96.9%
Kobe Bryant
96.9%
Shaquille O'Neal
94.2%
Shaquille O'Neal
94.2%
Shaquille O'Neal
94.2%
Shaquille O'Neal
94.2%
Kobe Bryant
93.9%
Dwyane Wade
92.5%
Dwyane Wade
92.5%
Dwyane Wade
92.5%
Dwyane Wade
92.5%
Dwyane Wade
92.5%
Dwyane Wade
92.5%
LeBron James
90.8%
Kevin Durant
89.6%
Kevin Durant
89.6%
Kevin Durant
89.6%
Kobe Bryant
89.5%
Jermaine O'Neal
89.3%
Kevin Garnett
87.5%
Kevin Garnett
87.5%
Kevin Garnett
87.5%
Kevin Garnett
87.5%
Kevin Garnett
87.4%
Stephen Curry
85.9%
Stephen Curry
85.9%
% Correct
Dwyane Wade
85.7%
Dwyane Wade
85.7%
Dwyane Wade
85.2%
Tim Duncan
84.7%
Tim Duncan
84.7%
Tim Duncan
84.7%
Tim Duncan
84.7%
Tim Duncan
84.7%
Tim Duncan
84.7%
Tim Duncan
84.7%
Russell Westbrook
84.2%
Russell Westbrook
84.2%
Paul Pierce
84.1%
Paul Pierce
84.1%
Kevin Durant
83.6%
Kevin Durant
83.6%
Steve Nash
83%
Steve Nash
83%
Steve Nash
83%
Carmelo Anthony
82.4%
Dwight Howard
81.7%
Dwight Howard
81.7%
Dwight Howard
81.7%
Dwight Howard
81.7%
Dwight Howard
81.7%
Dirk Nowitzki
80.7%
Dirk Nowitzki
80.7%
Dirk Nowitzki
80.7%
Dirk Nowitzki
80.7%
Chris Paul
79.6%
Chris Paul
79.6%
Chris Paul
79.6%
Kevin Durant
77.2%
Carmelo Anthony
76%
Dwight Howard
75%
Allen Iverson
74.9%
Dirk Nowitzki
74.1%
Derrick Rose
73.1%
Derrick Rose
73.1%
Chris Paul
73%
% Correct
James Harden
72.4%
James Harden
72.4%
Chris Paul
70.8%
Chris Paul
70.8%
Chris Paul
70.8%
Dirk Nowitzki
70%
Jason Kidd
69.5%
Jason Kidd
69.5%
Anthony Davis
68.1%
Derrick Rose
67.7%
Tracy McGrady
67.3%
Tracy McGrady
67.3%
Tracy McGrady
67.3%
Tracy McGrady
67.3%
Dwight Howard
66.4%
Amare Stoudemire
65.6%
Amare Stoudemire
65.6%
Amare Stoudemire
65.6%
Deron Williams
65.2%
Deron Williams
65.2%
Yao Ming
61.2%
Yao Ming
61.2%
Yao Ming
61.2%
Yao Ming
61.2%
Yao Ming
61.2%
Yao Ming
61.2%
Derrick Rose
59.6%
Derrick Rose
59.6%
Pau Gasol
58.3%
Blake Griffin
56.4%
Blake Griffin
56.4%
Kyrie Irving
51.5%
Kyrie Irving
51.5%
Blake Griffin
51.2%
Demarcus Cousins
46.9%
Kevin Love
45.4%
Chris Webber
39%
Gilbert Arenas
38%
Brandon Roy
36.5%
Brandon Roy
36.5%

You're not logged in!

Compare scores with friends on all Sporcle quizzes.
Join for Free
OR
Log In

You Might Also Like...

Show Comments

Extras

Top Quizzes Today


Score Distribution

Your Account Isn't Verified!

In order to create a playlist on Sporcle, you need to verify the email address you used during registration. Go to your Sporcle Settings to finish the process.

Report this User

Report this user for behavior that violates our Community Guidelines.

Details: